| 000 | 01508cam a22004457a 4500 | ||
|---|---|---|---|
| 003 | CHAP | ||
| 005 | 20220817043453.0 | ||
| 008 | 980910s1996 it r 00010 spa d | ||
| 010 | _a76145 | ||
| 011 | _a77117 | ||
| 020 | _a9253038500 | ||
| 035 | _a86719 | ||
| 040 | _cCHAP | ||
| 082 | 0 | 4 |
_a641.30218 _bF26 1995 v.7 |
| 110 | 2 |
_aFAO. Comisión del Codex Alimentarius _939482 |
|
| 245 | 1 | 0 |
_aCodex alimentarius : _bcereales, legumbres, leguminosas, productos derivados y proteínas vegetales _c/por Comisión del Codex Alimentarius |
| 250 | _a2 ed. rev. | ||
| 260 |
_aRoma : _bFAO, _c1996. |
||
| 300 | _a165 p. | ||
| 410 | _aFAO | ||
| 490 | 0 |
_aPrograma conjunto FAO/OMS sobre normas alimentarias _v; 7 |
|
| 590 |
_aBATCH-UPD _b10 _c20130110 _lUCH01 _h1357 |
||
| 590 |
_aBATCH-UPD _b10 _c20130410 _lUCH01 _h0850 |
||
| 590 |
_aBATCH-UPD _b10 _c20130913 _lUCH01 _h2013 |
||
| 590 |
_aCONVERSION _b10 _c20130109 _lUCH01 _h1342 |
||
| 650 | 1 | 4 |
_aAditivos alimenticios. _9907 |
| 650 | 1 | 4 |
_aCereales _xAnálisis. _921382 |
| 650 | 1 | 4 |
_aHarina de maíz. _952713 |
| 650 | 1 | 4 |
_aHarina de sorgo. _952728 |
| 650 | 1 | 4 |
_aHarina. _952679 |
| 650 | 1 | 4 |
_aLeguminosas _xNormas de calidad. _965842 |
| 650 | 1 | 4 |
_aProteínas vegetales. _992460 |
| 710 | 0 | _aFAO. | |
| 810 | 0 | _aFAO | |
| 830 | 0 |
_aPrograma conjunto FAO/OMS sobre normas alimentarias _v; 7 _992254 |
|
| 901 | _aBK | ||
| 905 | _aLilia Sánchez G. | ||
| 942 | _cLIBRO | ||
| 949 |
_a641.30218 F26 1995 v.7 _bBC _cFAO _d33724000700316 _eFAO1 _gDonaciØn _h94126 _i86719 _st |
||
| 999 |
_c76145 _d76145 |
||